• 首页
  • 本馆介绍
  • 公告通知
  • 最新文献
  • 馆藏检索
  • 电子资源
  • 读者导购
  • 参考咨询
  • 我的图书馆
  • 登录
  • 详细信息显示
  • 放入我的书架
  • 预约/预借图书
  • 作者相关作品
  • 分类相关作品
  • 丛书相关作品
  • 出版社相关作品

书目信息

  • 表格格式
  • 工作单格式
  • 卡片格式
题名:
风险、不确定性和利润
    
 
作者: 奈特 著 ;王文玉 , 王宇 译
分册:  
出版信息: 北京   中国人民大学出版社  2005
页数: 282
开本: 20cm
丛书名:
单 册:
中图分类: F275.4
科图分类:
主题词: 企业经济
电子资源:
ISBN: 7-300-06852-9
000 00640nam0 2200205 450
001 0753815641
005 20070930145655.64
010    @a7-300-06852-9@d¥29.00
100    @a20070930d km y0chiy0120 ea
101 0  @achi
200 1  @a风险、不确定性和利润@Afeng xian、bu que ding xing he li run@f(美)奈特著@F(mei)nai te zhu@g王宇,王文玉译@Gwang yu,wang wen yu yi
210    @a北京@c中国人民大学出版社@d2005
215    @a282@d20cm
606 0  @a企业经济
690    @aF275.4@v3
701  0 @a奈特@Anai te@4著
702  0 @a王文玉@Awang wen yu@4译
702  0 @a王宇@Awang yu@4译
801  0 @aCN@bPFT@c20070930
905    @a213230@dF275.4@eg356@f1
    
    风险、不确定性和利润/(美)奈特著/王宇,王文玉译.-北京:中国人民大学出版社,2005
    282;20cm
    
    
    ISBN 7-300-06852-9:¥29.00
    
●
相关链接 在E读中查询图书 在五车中查询图书 在当当中查询图书 在豆瓣中查询图书


正题名:风险、不确定性和利润     索取号:F275.4/g356         预约/预借

序号 登录号 条形码 馆藏地/架位号 状态 备注
1 6504364   265043641   密集书库-海洋学院/ [索取号:F275.4/g356] 在馆    
唐山师范学院图书馆 欢迎您!
大连网信软件有限公司© 版权所有